Moderne Länder des Osmanischen Reiches auf einer Karte - Statistiken

Allgemein
  • Dieses Quiz wurde 137 mal gespielt
  • Das Durchschnittsergebnis liegt bei 29 aus 31
Antworten auf der Karte
Die Antworten werden auf der Karte rot bzw. grün angezeigt, abhängig davon wie oft sie richtig erraten wurden.
 
Antwortstatistiken
Land % Korrekt
Türkei
100%
Bulgarien
99%
Albanien
98%
Bosnien und Herzegowina
98%
Griechenland
98%
Syrien
98%
Irak
97%
Kroatien
97%
Rumänien
97%
Serbien
97%
Israel
96%
Kosovo
96%
Ungarn
96%
Montenegro
95%
Tunesien
95%
Ukraine
95%
Ägypten
94%
Saudi-Arabien
94%
Zypern
94%
Algerien
93%
Nordmazedonien
93%
Russland
93%
Slowakei
93%
Georgien
92%
Moldawien
91%
Jordanien
90%
Libanon
90%
Libyen
90%
Kuwait
75%
Sudan
70%
Eritrea
62%
Keine übereinstimmenden Quizze gefunden
Verteilung der Resultate
Anzahl Personen mit jedem Resultat
Perzentil nach korrekt beantworteten Fragen
Ihre Resultats-Entwicklung
Sie haben dieses Quiz noch nicht gespielt